Pesticides in tropical agriculture : (Record no. 1222)
[ view plain ]
| 000 -LEADER | |
|---|---|
| fixed length control field | 01285nam a22003137a 4500 |
| 005 - DATE AND TIME OF LATEST TRANSACTION | |
| control field | 20240515075226.0 |
| 008 - FIXED-LENGTH DATA ELEMENTS--GENERAL INFORMATION | |
| fixed length control field | 240515b |||||||| |||| 00| 0 eng d |
| 020 ## - INTERNATIONAL STANDARD BOOK NUMBER | |
| International Standard Book Number | 3823612433 |
| 035 ## - SYSTEM CONTROL NUMBER | |
| System control number | (OCoLC)34902245 |
| 040 ## - CATALOGING SOURCE | |
| Original cataloging agency | DNAL |
| Transcribing agency | KMU |
| Modifying agency | KMU |
| 041 1# - LANGUAGE CODE | |
| Language code of text/sound track or separate title | eng |
| Language code of original | ger |
| 042 ## - AUTHENTICATION CODE | |
| Authentication code | lccopycat |
| 050 04 - LIBRARY OF CONGRESS CALL NUMBER | |
| Classification number | SB951 Pes |
| 245 00 - TITLE STATEMENT | |
| Title | Pesticides in tropical agriculture : |
| Remainder of title | hazards and alternatives / |
| Statement of responsibility, etc. | Arnold Schwab ... [et al.] ; Rolf Altenburger, editor of the English edition ; [translation, Christine Ernsting]. |
| 260 ## - PUBLICATION, DISTRIBUTION, ETC. | |
| Place of publication, distribution, etc. | Weikersheim, Germany : |
| Name of publisher, distributor, etc. | Margraf, |
| Date of publication, distribution, etc. | 1995. |
| 300 ## - PHYSICAL DESCRIPTION | |
| Extent | 281 p. : |
| Other physical details | ill. ; |
| Dimensions | 21 cm. |
| 440 #0 - SERIES STATEMENT/ADDED ENTRY--TITLE | |
| Title | Tropical agroecology ; |
| Volume/sequential designation | 3 |
| 500 ## - GENERAL NOTE | |
| General note | "The book is also available in German and French."--T.p. verso. |
| 500 ## - GENERAL NOTE | |
| General note | At head of title: PAN, CTA. |
| 504 ## - BIBLIOGRAPHY, ETC. NOTE | |
| Bibliography, etc. note | Includes bibliographical references (p. 221-252). |
| 650 #0 - SUBJECT ADDED ENTRY--TOPICAL TERM | |
| Topical term or geographic name entry element | Pesticides |
| General subdivision | Environmental aspects |
| Geographic subdivision | Tropics. |
| 700 1# - ADDED ENTRY--PERSONAL NAME | |
| Personal name | Schwab, Arnold, |
| Dates associated with a name | 1951- |
| 700 1# - ADDED ENTRY--PERSONAL NAME | |
| Personal name | Altenburger, R. |
| 710 2# - ADDED ENTRY--CORPORATE NAME | |
| Corporate name or jurisdiction name as entry element | Pesticide Action Network (Group) |
| 710 2# - ADDED ENTRY--CORPORATE NAME | |
| Corporate name or jurisdiction name as entry element | Technical Cemtre fpr Agricultural and Rural Cooperation (Ede, Netherlands) |
| 906 ## - LOCAL DATA ELEMENT F, LDF (RLIN) | |
| a | 7 |
| b | cbc |
| c | copycat |
| d | u |
| e | ncip |
| f | 19 |
| g | y-gencatlg |
| 942 ## - ADDED ENTRY ELEMENTS (KOHA) | |
| Source of classification or shelving scheme | Library of Congress Classification |
| Koha item type | Non-Fiction |
| Suppress in OPAC | No |
| Withdrawn status | Lost status | Source of classification or shelving scheme | Damaged status | Not for loan | Collection | Home library | Current library | Shelving location | Date acquired | Source of acquisition | Total Checkouts | Full call number | Barcode | Date last seen | Date last checked out | Price effective from | Koha item type |
|---|---|---|---|---|---|---|---|---|---|---|---|---|---|---|---|---|---|
| Library of Congress Classification | Non-fiction | Kapasa Makasa University | Kapasa Makasa University | Open Access | 15.05.2024 | Book Aid | 1 | SB 951 Pes | 727415 | 16.10.2024 | 09.10.2024 | 15.05.2024 | Non-Fiction |